|
|
|
|
| LEADER |
00000nam a22000007a 4500 |
| 005 |
20170524003656.0 |
| 007 |
cr|||| |||| |
| 008 |
170524s2017 mx |||||s|||| 00||0 spa d |
| 020 |
|
|
|a 978-607-406-901-3
|
| 035 |
|
|
|a 20264
|
| 040 |
|
|
|a vLex
|
| 090 |
|
|
|c 6697
|d 6697
|
| 100 |
1 |
|
|a Luna Guerra, Antonio
|
| 245 |
1 |
0 |
|a Casos prc̀ticos del ISR para personas fs̕icas con actividades empresariales 2017
|h [Recurso electrn̤ico] /
|c Antonio Luna Guerra
|
| 256 |
|
|
|a Servicio en ln̕ea
|
| 260 |
|
|
|a Mx̌ico DF:
|b Ediciones Fiscales ISEF,
|c 2017
|
| 300 |
|
|
|a 1 recurso electrn̤ico
|
| 500 |
|
|
|a La obra CASOS PRℓCTICOS DEL ISR PARA PERSONAS FÍSICAS CON ACTIVIDADES EMPRESARIALES te mostrar ̀de forma prc̀tica si eres una persona que recibe un ingreso por cualquiera de estas actividades: refaccionaria, ferretera̕, minisp︢er, tiendas de abarrotes, bar, cantina, cocina econm̤ica, cafetera̕, restaurant, imprenta, taller mecǹico, actividad ganadera, agrc̕ola, pesca, silvc̕ola, entre otras, como pagar impuestos como persona fs̕ica con actividad empresarial.
|
| 506 |
1 |
|
|a Disponible solo en los productos indicados
|d vLex Global
|d vLex Global (Academic Edition, excluding Law Schools)
|d vLex Global (U.S. Academic Edition, Law Schools)
|d vLex Global (U.S. Academic Edition, excluding Law Schools)
|d vLex Global (Academic Edition, Law Schools)
|
| 650 |
0 |
4 |
|a Derecho Fiscal
|z Mx̌ico
|
| 740 |
0 |
|
|a vLex Libros (Servicio en ln̕ea)
|
| 856 |
4 |
0 |
|u http://vlex.com/source/casos-practicos-del-isr-para-personas-fisicas-con-actividades-empresariales-2017-20264
|z Acceso restringido
|
| 942 |
|
|
|c BOOK
|
| 999 |
0 |
|
|a Tax Law
|